2024/2025 Premier League Goalscorers: Gameweek 24 - Statistics

General Stats
  • This quiz has been taken 43 times
  • The average score is 29 of 34
Answer Stats
Fixture Team Score Goalscorer % Correct
Arsenal v Manchester City Manchester City 1-1 Erling Haaland
100%
Bournemouth v Liverpool Liverpool 1-0 Mohamed Salah
100%
Bournemouth v Liverpool Liverpool 2-0 Mohamed Salah
100%
Nottingham Forest v Brighton Nottingham Forest 3-0 Chris Wood
97%
Nottingham Forest v Brighton Nottingham Forest 4-0 Chris Wood
97%
Nottingham Forest v Brighton Nottingham Forest 5-0 Chris Wood
97%
Manchester United v Crystal Palace Crystal Palace 1-0 Jean-Philippe Mateta
97%
Manchester United v Crystal Palace Crystal Palace 2-0 Jean-Philippe Mateta
97%
Arsenal v Manchester City Arsenal 4-1 Kai Havertz
97%
Arsenal v Manchester City Arsenal 1-0 Martin Odegaard
97%
Arsenal v Manchester City Arsenal 3-1 Myles Lewis-Skelly
97%
Arsenal v Manchester City Arsenal 5-1 Ethan Nwaneri
95%
Wolves v Aston Villa Wolves 2-0 Matheus Cunha
95%
Nottingham Forest v Brighton Nottingham Forest 2-0 Morgan Gibbs-White
95%
Arsenal v Manchester City Arsenal 2-1 Thomas Partey
90%
Chelsea v West Ham West Ham 1-0 Jarrod Bowen
87%
Nottingham Forest v Brighton Brighton (OG) 1-0 Lewis Dunk
87%
Chelsea v West Ham Chelsea 1-1 Pedro Neto
85%
Everton v Leicester Everton 4-0 Iliman Ndiaye
82%
Nottingham Forest v Brighton Nottingham Forest 7-0 Jota Silva
82%
Ipswich v Southampton Ipswich 1-1 Liam Delap
82%
Everton v Leicester Everton 2-0 Beto
79%
Everton v Leicester Everton 3-0 Beto
79%
Newcastle v Fulham Fulham 1-1 Raul Jimenez
79%
Everton v Leicester Everton 1-0 Abdoulaye Doucoure
77%
Newcastle v Fulham Fulham 2-1 Rodrigo Muniz
77%
Newcastle v Fulham Newcastle 1-0 Jacob Murphy
74%
Nottingham Forest v Brighton Nottingham Forest 6-0 Nico Williams
72%
Brentford v Tottenham Tottenham 2-0 Pape Mate Sarr
72%
Chelsea v West Ham West Ham (OG) 2-1 Aaron Wan-Bissaka
67%
Brentford v Tottenham Brentford (OG) 1-0 Vitaly Janelt
59%
Wolves v Aston Villa Wolves 1-0 Jean-Ricner Bellegarde
56%
Ipswich v Southampton Southampton 1-0 Joe Aribo
54%
Ipswich v Southampton Southampton 2-1 Paul Onuachu
54%
No matching quizzes found
Score Distribution
Percent of People with Each Score
Percentile by Number Answered
Your Score History
You have not taken this quiz